000
00313nam a2200145Ia 4500
100
_a
Wright/ Gary R/ Stevens/ W.R.
490
_v
2
942
_c
BK
654
_a
TCP/IP
245
_a
TCP/IP Illustrated Vol 2
260
_b
ADDISON WESLEY
_a
Reading
_c
1995
300
_a
1174
546
_a
ENGLISH
999
_c
31079
_d
31079